[Event "GBR-ch108 Under 16"]
[Site "Torquay"]
[Date "2022.08.10"]
[Round "4"]
[White "Buckman, Cyrus"]
[Black "Pollack, Maximo"]
[Result "1-0"]
[WhiteElo "1218"]
[BlackElo "1189"]
[PlyCount "93"]
[EventDate "2022.08.08"]
[EventType "swiss"]
[EventRounds "7"]
[EventCountry "GBR"]
[SourceTitle "BritBase"]
[Source "John Saunders"]
[SourceDate "2021.06.05"]
[SourceVersion "1"]
[SourceVersionDate "2021.06.05"]
[SourceQuality "1"]

1. d4 d5 2. c4 c6 3. Nc3 dxc4 4. e3 b5 5. a4 Bd7 6. Qf3 Nf6 7. axb5 Bg4 8. Qg3
e6 9. f3 Bd6 10. Qf2 Bh5 11. Bxc4 O-O 12. Nge2 Re8 13. bxc6 Nxc6 14. Bb5 Qd7
15. e4 Bb4 16. O-O Bxc3 17. Nxc3 a6 18. Rxa6 Rxa6 19. Bxa6 Qxd4 20. Be3 Qd6 21.
Rd1 Qb8 22. Bb5 Rc8 23. Bxc6 Rxc6 24. Bg5 e5 25. Qh4 Bg6 26. Qf2 h6 27. Bxf6
Rxf6 28. Qd2 Kh7 29. Qf2 Rb6 30. Rd2 f6 31. Nd5 Rb5 32. h3 Bf7 33. Ne7 g6 34.
Nc6 Qc7 35. Nd8 Bb3 36. Qe3 Bc4 37. Qe1 Rb8 38. Qd1 Bb3 39. Rd7+ Kg8 40. Qxb3+
Rxb3 41. Rxc7 Rxb2 42. Ne6 Rb6 43. Nc5 f5 44. exf5 gxf5 45. Re7 Rc6 46. Rxe5 f4
47. Nd3 1-0

[Event "GBR-ch108 Under 16"]
[Site "Torquay"]
[Date "2022.08.10"]
[Round "4"]
[White "Doyle, Jamie"]
[Black "Volovich, Julia"]
[Result "0-1"]
[WhiteElo "1454"]
[BlackElo "1625"]
[PlyCount "86"]
[EventDate "2022.08.08"]
[EventType "swiss"]
[EventRounds "7"]
[EventCountry "GBR"]
[SourceTitle "BritBase"]
[Source "John Saunders"]
[SourceDate "2021.06.05"]
[SourceVersion "1"]
[SourceVersionDate "2021.06.05"]
[SourceQuality "1"]

1. e4 e6 2. d4 d5 3. exd5 exd5 4. Bd3 Bd6 5. h3 Ne7 6. Nf3 Nbc6 7. c3 Bf5 8.
O-O Qd7 9. Re1 f6 10. Bxf5 Qxf5 11. Nh4 Qd7 12. Qh5+ Kf8 13. Be3 g6 14. Qf3 Kg7
15. g4 g5 16. Ng2 h5 17. Nd2 hxg4 18. Qxg4 Qf5 19. f4 Rxh3 20. Qxf5 Nxf5 21.
fxg5 fxg5 22. Nf1 Ng3 23. Bxg5 Rh1+ 24. Kf2 Ne4+ 25. Rxe4 dxe4 26. Nh4 Rh8 27.
Nf5+ Kg6 28. Nxd6 cxd6 29. Bf4 d5 30. Re1 Rf8 31. Kg2 Rh5 32. Bd6 Rf3 33. Nd2
Rg5+ 34. Kh1 Rf2 35. Nxe4 dxe4 36. Rxe4 Rxb2 37. c4 Rb1+ 38. Kh2 Rd1 39. d5 Nd4
40. Rf4 Rd2+ 41. Kh3 Rd3+ 42. Kh2 Nf3+ 43. Kh3 Ng1+ 0-1

[Event "GBR-ch108 Under 16"]
[Site "Torquay"]
[Date "2022.08.10"]
[Round "4"]
[White "Harandi, Teymour"]
[Black "Fleri, Luke"]
[Result "1/2-1/2"]
[WhiteElo "1128"]
[BlackElo "1483"]
[PlyCount "112"]
[EventDate "2022.08.08"]
[EventType "swiss"]
[EventRounds "7"]
[EventCountry "GBR"]
[SourceTitle "BritBase"]
[Source "John Saunders"]
[SourceDate "2021.06.05"]
[SourceVersion "1"]
[SourceVersionDate "2021.06.05"]
[SourceQuality "1"]

1. e4 e5 2. Nf3 Nc6 3. d4 exd4 4. Nxd4 Bc5 5. Nb3 Bb6 6. Nc3 d6 7. Qe2 Be6 8.
Be3 Qe7 9. g3 Nf6 10. Bg2 O-O-O 11. Bxb6 axb6 12. O-O-O Bxb3 13. axb3 Kb8 14.
Rhe1 Rhe8 15. f4 Nd7 16. Qc4 Qe6 17. Qd5 Nc5 18. Qxe6 fxe6 19. Nb5 g6 20. Nd4
Nxd4 21. Rxd4 e5 22. Rd2 Ne6 23. fxe5 dxe5 24. Rf2 Rf8 25. Ref1 c6 26. Rf7 Rxf7
27. Rxf7 Rf8 28. Rxf8+ Nxf8 29. Bh3 Kc7 30. Kd2 Kd6 31. Bc8 b5 32. Kc3 b6 33.
Kb4 h6 34. c4 bxc4 35. bxc4 Nh7 36. Bh3 Nf6 37. Bg2 Ng4 38. h3 Ne3 39. Bh1 Nf1
40. g4 Ng3 41. Bg2 Ne2 42. Bh1 Ke6 43. Bg2 Kf6 44. Bf1 Nd4 45. Kc3 Kg5 46. b4
Kf4 47. c5 bxc5 48. bxc5 Kxe4 49. Bd3+ Kf3 50. Bxg6 Ne2+ 51. Kd2 Nf4 52. Be8
Nxh3 53. Bxc6+ e4 54. Bxe4+ Kxe4 55. c6 Ng5 56. c7 Ne6 1/2-1/2

[Event "GBR-ch108 Under 16"]
[Site "Torquay"]
[Date "2022.08.10"]
[Round "4"]
[White "Ismail, Mohammed Aayan"]
[Black "Brooks, Tom"]
[Result "1-0"]
[WhiteElo "1956"]
[BlackElo "1696"]
[PlyCount "53"]
[EventDate "2022.08.08"]
[EventType "swiss"]
[EventRounds "7"]
[EventCountry "GBR"]
[SourceTitle "BritBase"]
[Source "John Saunders"]
[SourceDate "2021.06.05"]
[SourceVersion "1"]
[SourceVersionDate "2021.06.05"]
[SourceQuality "1"]

1. d4 Nf6 2. Bf4 g6 3. Nc3 d5 4. e3 Bg7 5. h4 a6 6. Nf3 Bg4 7. Be2 c5 8. Ne5
Bxe2 9. Qxe2 Nc6 10. Nxc6 bxc6 11. Be5 cxd4 12. exd4 Qb6 13. O-O-O O-O 14. h5
Rab8 15. Bxb8 Rxb8 16. b3 Qa5 17. Rd3 Qa3+ 18. Kb1 Rb7 19. hxg6 hxg6 20. Nd1 c5
21. dxc5 Ne4 22. c4 dxc4 23. Rd8+ Bf8 24. Qxc4 Qa5 25. Rxf8+ Kxf8 26. Qxe4 Qc7
27. Nc3 1-0

[Event "GBR-ch108 Under 16"]
[Site "Torquay"]
[Date "2022.08.10"]
[Round "4"]
[White "Liu, Jack"]
[Black "Ball, Katie C"]
[Result "1-0"]
[WhiteElo "1417"]
[BlackElo "1259"]
[PlyCount "91"]
[EventDate "2022.08.08"]
[EventType "swiss"]
[EventRounds "7"]
[EventCountry "GBR"]
[SourceTitle "BritBase"]
[Source "John Saunders"]
[SourceDate "2021.06.05"]
[SourceVersion "1"]
[SourceVersionDate "2021.06.05"]
[SourceQuality "1"]

1. e4 d5 2. exd5 Nf6 3. d4 Bg4 4. f3 Bf5 5. g4 Bg6 6. c4 Qd6 7. Nc3 a6 8. Qb3
Qb6 9. Qxb6 cxb6 10. g5 Nfd7 11. Bh3 h6 12. gxh6 gxh6 13. Nge2 Bg7 14. Rg1 O-O
15. Be3 Kh7 16. Nf4 Nf6 17. Kf2 Rd8 18. Rg2 Nbd7 19. Rag1 Nf8 20. Be6 Bh8 21.
Nxg6 fxg6 22. h4 b5 23. Bf7 Bg7 24. Bxg6+ Nxg6 25. Rxg6 Bf8 26. Ne4 Nxe4+ 27.
fxe4 bxc4 28. Ke2 b5 29. Bd2 a5 30. Rb6 b4 31. Rgg6 Bg7 32. Rge6 Bxd4 33. Rxe7+
Kg8 34. Rc6 Rac8 35. Rec7 Rxc7 36. Rxc7 Bxb2 37. Rxc4 Bf6 38. h5 Be5 39. Bxh6
Kf7 40. Be3 Rb8 41. h6 a4 42. Bd4 Bf4 43. h7 b3 44. axb3 axb3 45. h8=Q Rxh8 46.
Bxh8 1-0

[Event "GBR-ch108 Under 16"]
[Site "Torquay"]
[Date "2022.08.10"]
[Round "4"]
[White "Maton, Emily"]
[Black "Neenan, Henry"]
[Result "1/2-1/2"]
[WhiteElo "1431"]
[BlackElo "1570"]
[PlyCount "39"]
[EventDate "2022.08.08"]
[EventType "swiss"]
[EventRounds "7"]
[EventCountry "GBR"]
[SourceTitle "BritBase"]
[Source "John Saunders"]
[SourceDate "2021.06.05"]
[SourceVersion "1"]
[SourceVersionDate "2021.06.05"]
[SourceQuality "1"]

1. c4 Nf6 2. Nf3 e6 3. Nc3 Bb4 4. g3 b6 5. Bg2 Bb7 6. O-O Bxc3 7. bxc3 O-O 8.
d4 d6 9. Nd2 Bxg2 10. Kxg2 Nbd7 11. e4 Re8 12. Re1 e5 13. Bb2 a5 14. a4 h6 15.
f4 Nf8 16. f5 N8h7 17. g4 exd4 18. cxd4 Ng5 19. e5 dxe5 20. dxe5 1/2-1/2

[Event "GBR-ch108 Under 16"]
[Site "Torquay"]
[Date "2022.08.10"]
[Round "4"]
[White "Sachdeva, Ronit"]
[Black "Gardner, Leo"]
[Result "1-0"]
[WhiteElo "1327"]
[BlackElo "1420"]
[PlyCount "101"]
[EventDate "2022.08.08"]
[EventType "swiss"]
[EventRounds "7"]
[EventCountry "GBR"]
[SourceTitle "BritBase"]
[Source "John Saunders"]
[SourceDate "2021.06.05"]
[SourceVersion "1"]
[SourceVersionDate "2021.06.05"]
[SourceQuality "1"]

1. e4 c5 2. Nc3 d6 3. f4 g6 4. Nf3 Bg7 5. Bb5+ Bd7 6. Bxd7+ Qxd7 7. d3 Nc6 8.
O-O Nf6 9. a3 O-O 10. Qe1 Rac8 11. h3 Ne8 12. f5 e6 13. Nh4 Nd4 14. Qf2 Qe7 15.
Nf3 exf5 16. Nd5 Qd8 17. Be3 Nxf3+ 18. Qxf3 fxe4 19. Qxe4 Kh8 20. g4 f6 21. Nf4
Rf7 22. Qd5 Re7 23. Rae1 Qd7 24. Bd2 Re5 25. Rxe5 fxe5 26. Ne6 Nf6 27. Qa2 d5
28. Nxg7 Kxg7 29. Qa1 h6 30. Bxh6+ Kxh6 31. Rxf6 Qe7 32. Qf1 Kg7 33. Rf2 Rf8
34. Rxf8 Qxf8 35. Qxf8+ Kxf8 36. c4 dxc4 37. dxc4 Ke7 38. Kf2 Kf6 39. h4 e4 40.
Ke3 Ke5 41. h5 g5 42. h6 Kf6 43. Kxe4 Kg6 44. Kd5 b6 45. b4 cxb4 46. axb4 a5
47. bxa5 bxa5 48. c5 a4 49. Kc4 Kxh6 50. c6 a3 51. Kb3 1-0

[Event "GBR-ch108 Under 16"]
[Site "Torquay"]
[Date "2022.08.10"]
[Round "4"]
[White "Weersing, Abigail Riis"]
[Black "Tomy, Jeff"]
[Result "1/2-1/2"]
[WhiteElo "1620"]
[BlackElo "1577"]
[PlyCount "123"]
[EventDate "2022.08.08"]
[EventType "swiss"]
[EventRounds "7"]
[EventCountry "GBR"]
[SourceTitle "BritBase"]
[Source "John Saunders"]
[SourceDate "2021.06.05"]
[SourceVersion "1"]
[SourceVersionDate "2021.06.05"]
[SourceQuality "1"]

1. d4 d5 2. c4 e6 3. Nc3 c6 4. e3 Nf6 5. Nf3 Nbd7 6. Qc2 Be7 7. Bd3 dxc4 8.
Bxc4 b5 9. Bd3 a6 10. e4 h6 11. a4 b4 12. Ne2 c5 13. Bf4 Bb7 14. e5 Nd5 15. Bg3
Rc8 16. Qb3 N5b6 17. Qd1 c4 18. Bb1 a5 19. O-O Bc6 20. Nf4 Nd5 21. Nd2 Nxf4 22.
Bxf4 Nb6 23. Qg4 Bg5 24. Be3 Bxe3 25. fxe3 Qg5 26. Qxg5 hxg5 27. Rc1 Bxa4 28.
Ne4 O-O 29. Nc5 Bb3 30. Rxa5 Nd5 31. e4 Nf4 32. Re1 Ra8 33. Rxa8 Rxa8 34. g3
Ng6 35. Nxb3 cxb3 36. Kf2 Rd8 37. Ke3 Ne7 38. Rc1 Rc8 39. Rxc8+ Nxc8 40. d5
exd5 41. exd5 Nb6 42. Kd4 Kf8 43. Kc5 Na4+ 44. Kc6 Nxb2 45. d6 Nc4 46. d7 Nxe5+
47. Kc7 Nxd7 48. Kxd7 g6 49. Kd6 Kg7 50. Kc5 Kf6 51. Kd4 Ke6 52. Bd3 b2 53. Bb1
f5 54. Bd3 Kf6 55. Bc2 f4 56. Ke4 Ke6 57. Kf3 Kf6 58. Kg4 Kg7 59. Kf3 Kf6 60.
Ke2 Kg7 61. Kf3 Kf6 62. Ke4 1/2-1/2

[Event "GBR-ch108 Under 16"]
[Site "Torquay"]
[Date "2022.08.11"]
[Round "5"]
[White "Ball, Katie C"]
[Black "Buckman, Cyrus"]
[Result "0-1"]
[WhiteElo "1259"]
[BlackElo "1218"]
[PlyCount "100"]
[EventDate "2022.08.08"]
[EventType "swiss"]
[EventRounds "7"]
[EventCountry "GBR"]
[SourceTitle "BritBase"]
[Source "John Saunders"]
[SourceDate "2021.06.05"]
[SourceVersion "1"]
[SourceVersionDate "2021.06.05"]
[SourceQuality "1"]

1. d4 f5 2. h4 Nf6 3. h5 e6 4. h6 d6 5. Nf3 Nc6 6. hxg7 Bxg7 7. Bg5 Bd7 8. d5
exd5 9. Nc3 Be6 10. Nd4 Nxd4 11. Qxd4 Qe7 12. O-O-O h6 13. Nxd5 Nxd5 14. Qa4+
Qd7 15. Qxd7+ Bxd7 16. Bh4 Nf6 17. e3 O-O-O 18. Bc4 Rdf8 19. Bg3 Ne4 20. Bh4
Bf6 21. Bxf6 Rxf6 22. Rdf1 Rg6 23. Rh2 Be6 24. Bd3 Bxa2 25. b3 Rhg8 26. Bxe4
fxe4 27. g3 Rf8 28. Kb2 Bxb3 29. cxb3 Rxg3 30. fxg3 Rxf1 31. Rxh6 Rf3 32. Rh1
Rxg3 33. Re1 Kd7 34. Kc3 c5 35. Kc4 Kc6 36. Kc3 b5 37. Re2 d5 38. Kd2 a5 39.
Rh2 c4 40. bxc4 bxc4 41. Ke2 Rg6 42. Kf2 a4 43. Rh8 Kb5 44. Rb8+ Rb6 45. Rd8
Kc5 46. Rc8+ Kb4 47. Rd8 Rb5 48. Ke2 a3 49. Ra8 Kb3 50. Kd2 Kb2 0-1

[Event "GBR-ch108 Under 16"]
[Site "Torquay"]
[Date "2022.08.11"]
[Round "5"]
[White "Brooks, Tom"]
[Black "Sachdeva, Ronit"]
[Result "1/2-1/2"]
[WhiteElo "1696"]
[BlackElo "1327"]
[PlyCount "116"]
[EventDate "2022.08.08"]
[EventType "swiss"]
[EventRounds "7"]
[EventCountry "GBR"]
[SourceTitle "BritBase"]
[Source "John Saunders"]
[SourceDate "2021.06.05"]
[SourceVersion "1"]
[SourceVersionDate "2021.06.05"]
[SourceQuality "1"]

1. e4 c5 2. Nf3 d6 3. d4 cxd4 4. Nxd4 Nf6 5. Nc3 g6 6. Be3 Bg7 7. f3 Nc6 8. Qd2
O-O 9. Bc4 Bd7 10. O-O Rc8 11. Bb3 Ne5 12. Qe2 a6 13. a4 Qc7 14. Rfd1 Nc4 15.
Qxc4 Qxc4 16. Bxc4 Rxc4 17. g4 Bxg4 18. Nce2 Bd7 19. b3 Rc7 20. c4 Rb8 21. Nc3
Be6 22. Rac1 Nd7 23. Nce2 Nc5 24. a5 Bd7 25. b4 Ne6 26. Nxe6 Bxe6 27. c5 Rbc8
28. cxd6 Rxc1 29. Nxc1 Rd8 30. Bc5 Bf8 31. e5 exd6 32. exd6 f5 33. Kf2 Kf7 34.
Ke3 g5 35. f4 g4 36. Ne2 Bc4 37. Ng3 Kg6 38. Kd4 Bf7 39. Kc3 Kf6 40. Nf1 Ke6
41. Ne3 Kf6 42. Bd4+ Kg6 43. Be5 Bg7 44. Bxg7 Kxg7 45. Nxf5+ Kf6 46. Ne3 h5 47.
Nd5+ Kf5 48. Ne7+ Ke6 49. f5+ Ke5 50. d7 Kf6 51. Nd5+ Kxf5 52. Rf1+ Ke5 53.
Rxf7 Kxd5 54. Rh7 Kc6 55. Rxh5 Rxd7 56. Rg5 Rh7 57. Rxg4 Rh5 58. h3 Rxh3+
1/2-1/2

[Event "GBR-ch108 Under 16"]
[Site "Torquay"]
[Date "2022.08.11"]
[Round "5"]
[White "Edwards, David M"]
[Black "Jayawarna, Tarini"]
[Result "0-1"]
[WhiteElo "2197"]
[BlackElo "1295"]
[PlyCount "80"]
[EventDate "2022.08.08"]
[EventType "swiss"]
[EventRounds "7"]
[EventCountry "GBR"]
[SourceTitle "BritBase"]
[Source "John Saunders"]
[SourceDate "2021.06.05"]
[SourceVersion "1"]
[SourceVersionDate "2021.06.05"]
[SourceQuality "1"]

1. e4 e6 2. Nf3 d5 3. exd5 exd5 4. d4 Bd6 5. Nc3 Ne7 6. Bd3 O-O 7. O-O c6 8.
Bd2 Bf5 9. Bg5 f6 10. Bh4 Qd7 11. Ne2 Bxd3 12. Qxd3 Na6 13. c4 dxc4 14. Qxc4+
Nd5 15. Nc3 Nac7 16. a4 Kh8 17. Ne4 Rae8 18. Nc5 Qc8 19. Bg3 Bxg3 20. fxg3 Ne3
21. Qb3 Nxf1 22. Rxf1 b6 23. Nd3 Qe6 24. Qxe6 Rxe6 25. Ra1 Rd6 26. b4 Ne6 27.
Rc1 Nxd4 28. Nxd4 Rxd4 29. Nf4 Rc8 30. b5 c5 31. Ne6 Rxa4 32. Rd1 h6 33. Rd7 c4
34. Rxg7 c3 35. Rg6 c2 36. Rxh6+ Kg8 37. Rxf6 c1=Q+ 38. Kf2 Rc2+ 39. Kf3 Qd1+
40. Ke3 Qe2# 0-1

[Event "GBR-ch108 Under 16"]
[Site "Torquay"]
[Date "2022.08.11"]
[Round "5"]
[White "Fleri, Luke"]
[Black "Gardner, Leo"]
[Result "0-1"]
[WhiteElo "1483"]
[BlackElo "1420"]
[PlyCount "60"]
[EventDate "2022.08.08"]
[EventType "swiss"]
[EventRounds "7"]
[EventCountry "GBR"]
[SourceTitle "BritBase"]
[Source "John Saunders"]
[SourceDate "2021.06.05"]
[SourceVersion "1"]
[SourceVersionDate "2021.06.05"]
[SourceQuality "1"]

1. d4 Nf6 2. c4 g6 3. Nc3 Bg7 4. e4 d6 5. Be2 O-O 6. Be3 e5 7. d5 Nbd7 8. b4
Ne8 9. g3 Ndf6 10. Rc1 Bd7 11. Qb3 Ng4 12. Bxg4 Bxg4 13. f3 Bd7 14. Nge2 f5 15.
O-O fxe4 16. fxe4 Nf6 17. Bg5 h6 18. Bxf6 Rxf6 19. Nb1 Bh3 20. Rxf6 Qxf6 21.
Qe3 Rf8 22. Nd2 h5 23. g4 hxg4 24. Ng3 Bh6 25. Qe2 Bf4 26. Rb1 Bxd2 27. Qxd2
Qf4 28. Qe2 Qf3 29. Rb3 Qxe2 30. Nxe2 Rf1# 0-1

[Event "GBR-ch108 Under 16"]
[Site "Torquay"]
[Date "2022.08.11"]
[Round "5"]
[White "Jithendra, Raina"]
[Black "Ali, Shahvez"]
[Result "0-1"]
[WhiteElo "1342"]
[BlackElo "1554"]
[PlyCount "74"]
[EventDate "2022.08.08"]
[EventType "swiss"]
[EventRounds "7"]
[EventCountry "GBR"]
[SourceTitle "BritBase"]
[Source "John Saunders"]
[SourceDate "2021.06.05"]
[SourceVersion "1"]
[SourceVersionDate "2021.06.05"]
[SourceQuality "1"]

1. e4 e6 2. d4 d5 3. Nd2 c5 4. exd5 exd5 5. Ngf3 Nf6 6. Bb5+ Bd7 7. Bxd7+ Nbxd7
8. Qe2+ Be7 9. dxc5 O-O 10. O-O Bxc5 11. Nb3 Re8 12. Qb5 Bb6 13. c3 a6 14. Qd3
Ne5 15. Nxe5 Rxe5 16. Bf4 Re4 17. Bg3 Qe7 18. Rad1 Re8 19. Kh1 Bc7 20. Bxc7
Qxc7 21. Nd4 R8e5 22. f4 Re8 23. Qd2 h6 24. g3 Qe7 25. h3 Re3 26. Qg2 g6 27.
Rf3 Re4 28. g4 Qc7 29. Qf2 R4e7 30. Qh4 Kg7 31. g5 hxg5 32. fxg5 Nh5 33. Nf5+
gxf5 34. Rxd5 Re1+ 35. Kg2 R8e2+ 36. Rf2 Nf4+ 37. Kf3 Re3# 0-1

[Event "GBR-ch108 Under 16"]
[Site "Torquay"]
[Date "2022.08.11"]
[Round "5"]
[White "Maton, Emily"]
[Black "Weersing, Abigail Riis"]
[Result "0-1"]
[WhiteElo "1431"]
[BlackElo "1620"]
[PlyCount "142"]
[EventDate "2022.08.08"]
[EventType "swiss"]
[EventRounds "7"]
[EventCountry "GBR"]
[SourceTitle "BritBase"]
[Source "John Saunders"]
[SourceDate "2021.06.05"]
[SourceVersion "1"]
[SourceVersionDate "2021.06.05"]
[SourceQuality "1"]

1. c4 Nf6 2. Nc3 e6 3. e4 d5 4. e5 d4 5. exf6 dxc3 6. fxg7 cxd2+ 7. Qxd2 Qxd2+
8. Bxd2 Bxg7 9. Rb1 Nc6 10. Nf3 e5 11. Bc3 Nd4 12. Bxd4 exd4 13. c5 Bf5 14. Rd1
O-O-O 15. Bd3 Rhe8+ 16. Kd2 Bh6+ 17. Kc2 Re2+ 18. Kb1 Bxd3+ 19. Rxd3 Rxf2 20.
g3 Bg7 21. Rhd1 Re2 22. Nxd4 Bxd4 23. Rxd4 Rxd4 24. Rxd4 Rxh2 25. Rf4 Rh1+ 26.
Kc2 Rh5 27. Rxf7 Rxc5+ 28. Kd3 h5 29. Rg7 Rd5+ 30. Kc3 Rf5 31. Kd3 Rf2 32. Kc3
b6 33. Rg5 Rh2 34. Rg7 Kb7 35. a3 a5 36. b3 Kc6 37. a4 Kd6 38. Kd4 Rh3 39. Kc4
Ke5 40. Rg5+ Kf6 41. Rg8 Rh1 42. Rf8+ Kg5 43. Rg8+ Kf5 44. Rg7 Rg1 45. Rg8 Ke4
46. Rh8 c6 47. Re8+ Kf3 48. Rh8 Rh1 49. Rg8 Rh3 50. Rg5 Kf2 51. g4 h4 52. Rh5
Kg3 53. g5 Kg4 54. Rh6 b5+ 55. axb5 cxb5+ 56. Kxb5 Rxb3+ 57. Ka4 Rb8 58. Rc6 h3
59. Kxa5 Kxg5 60. Rc5+ Kg4 61. Rc4+ Kf3 62. Rh4 Kg2 63. Rg4+ Kh2 64. Ka4 Rb2
65. Ka3 Rg2 66. Rh4 Rg3+ 67. Ka2 Kg2 68. Rc4 h2 69. Rc2+ Kh3 70. Rc1 Rg2+ 71.
Kb3 Rg1 0-1

[Event "GBR-ch108 Under 16"]
[Site "Torquay"]
[Date "2022.08.11"]
[Round "5"]
[White "McCauley, Rohan"]
[Black "Jackson, Edward"]
[Result "0-1"]
[WhiteElo "1176"]
[BlackElo "1496"]
[PlyCount "120"]
[EventDate "2022.08.08"]
[EventType "swiss"]
[EventRounds "7"]
[EventCountry "GBR"]
[SourceTitle "BritBase"]
[Source "John Saunders"]
[SourceDate "2021.06.05"]
[SourceVersion "1"]
[SourceVersionDate "2021.06.05"]
[SourceQuality "1"]

1. d4 Nf6 2. Nc3 d5 3. Bf4 e6 4. e3 Bb4 5. Bd3 c5 6. dxc5 Bxc5 7. Nf3 O-O 8.
O-O Nc6 9. Re1 Re8 10. Bg5 Bb4 11. a3 Bxc3 12. bxc3 e5 13. Bxf6 Qxf6 14. e4
dxe4 15. Bxe4 Bf5 16. Rb1 Bxe4 17. Rxe4 Rad8 18. Qe2 Qe7 19. g4 Qxa3 20. Rxb7
Qxc3 21. Rc4 Qa1+ 22. Kg2 Qa6 23. Rc7 Nd4 24. Nxd4 exd4 25. Qf3 Qe6 26. h3 a5
27. R4c6 Qd5 28. Qxd5 Rxd5 29. Ra6 h5 30. Raa7 hxg4 31. hxg4 Rg5 32. Rxf7 Rxg4+
33. Kf3 Rg5 34. Rfd7 Rf8+ 35. Ke2 Rg2 36. Rxa5 Rfxf2+ 37. Kd3 Rd2+ 38. Ke4 Rxc2
39. Ra8+ Kh7 40. Rxd4 Rg4+ 41. Kd3 Rxd4+ 42. Kxd4 Re2 43. Ra1 Re6 44. Rh1+ Kg6
45. Rg1+ Kf7 46. Kd5 Rf6 47. Ke5 g6 48. Ra1 Rf5+ 49. Ke4 Kf6 50. Ra8 Kg5 51.
Ra1 Rf4+ 52. Ke3 Kf5 53. Ra5+ Kg4 54. Ra6 g5 55. Rg6 Rf8 56. Rh6 Kg3 57. Rg6
Re8+ 58. Kd2 g4 59. Rc6 Kh2 60. Rc1 g3 0-1

[Event "GBR-ch108 Under 16"]
[Site "Torquay"]
[Date "2022.08.11"]
[Round "5"]
[White "Neenan, Henry"]
[Black "Harandi, Teymour"]
[Result "1-0"]
[WhiteElo "1570"]
[BlackElo "1128"]
[PlyCount "57"]
[EventDate "2022.08.08"]
[EventType "swiss"]
[EventRounds "7"]
[EventCountry "GBR"]
[SourceTitle "BritBase"]
[Source "John Saunders"]
[SourceDate "2021.06.05"]
[SourceVersion "1"]
[SourceVersionDate "2021.06.05"]
[SourceQuality "1"]

1. e4 c5 2. Nf3 e6 3. d4 cxd4 4. Nxd4 a6 5. Nc3 Qc7 6. Qf3 Nc6 7. Be3 Nf6 8.
Nxc6 dxc6 9. g4 e5 10. h3 Be6 11. O-O-O Qa5 12. g5 Nd7 13. h4 O-O-O 14. Bh3
Bxh3 15. Qxh3 Bb4 16. Bd2 Qc7 17. a3 Ba5 18. Qf5 Rdf8 19. Na4 g6 20. Qg4 Bxd2+
21. Rxd2 f5 22. gxf6 Rxf6 23. Rxd7 Qxd7 24. Nb6+ Kc7 25. Nxd7 h5 26. Qg5 Rxf2
27. Qxe5+ Kc8 28. Nb6+ Kd8 29. Rd1+ 1-0

[Event "GBR-ch108 Under 16"]
[Site "Torquay"]
[Date "2022.08.11"]
[Round "5"]
[White "Srivastava, Arnav"]
[Black "Ismail, Mohammed Aayan"]
[Result "1-0"]
[WhiteElo "1594"]
[BlackElo "1956"]
[PlyCount "72"]
[EventDate "2022.08.08"]
[EventType "swiss"]
[EventRounds "7"]
[EventCountry "GBR"]
[SourceTitle "BritBase"]
[Source "John Saunders"]
[SourceDate "2021.06.05"]
[SourceVersion "1"]
[SourceVersionDate "2021.06.05"]
[SourceQuality "1"]

1. d4 Nf6 2. Bf4 c5 3. e3 g6 4. Nf3 Bg7 5. h3 O-O 6. Be2 b6 7. O-O Bb7 8. c3 d5
9. Nbd2 Nc6 10. Qb3 Nd7 11. Rfd1 Qc8 12. Rac1 e5 13. dxe5 Ndxe5 14. Nxe5 Nxe5
15. Nf3 Nc6 16. Rd2 Na5 17. Qd1 Rd8 18. b3 h6 19. Ne1 Nc6 20. Bg4 f5 21. Bf3
Ne7 22. Bh2 Qe6 23. b4 Rac8 24. Nd3 g5 25. bxc5 bxc5 26. c4 Qb6 27. Rb1 Qa6 28.
Ne5 Ba8 29. cxd5 c4 30. d6 c3 31. Be2 Qa3 32. dxe7 Rxd2 33. Bc4+ Kh7 34. Qh5
Bxe5 35. Qf7+ Bg7 36. Be5 Rh8 1-0

[Event "GBR-ch108 Under 16"]
[Site "Torquay"]
[Date "2022.08.11"]
[Round "5"]
[White "Tomy, Jeff"]
[Black "Liu, Jack"]
[Result "0-1"]
[WhiteElo "1577"]
[BlackElo "1417"]
[PlyCount "74"]
[EventDate "2022.08.08"]
[EventType "swiss"]
[EventRounds "7"]
[EventCountry "GBR"]
[SourceTitle "BritBase"]
[Source "John Saunders"]
[SourceDate "2021.06.05"]
[SourceVersion "1"]
[SourceVersionDate "2021.06.05"]
[SourceQuality "1"]

1. d4 Nf6 2. c4 g6 3. f3 d6 4. e4 Bg7 5. Nc3 O-O 6. Be3 Nbd7 7. Qd2 e5 8. d5
Ne8 9. h4 h5 10. Bg5 Bf6 11. Bxf6 Ndxf6 12. b4 c6 13. Rd1 a5 14. a3 axb4 15.
axb4 Qb6 16. Rb1 cxd5 17. cxd5 Bd7 18. Qf2 Qc7 19. Rc1 Ra1 20. Qd2 Rxc1+ 21.
Qxc1 Ng7 22. Qe3 Rc8 23. Kd2 Nfe8 24. Nge2 Kh7 25. g3 f5 26. f4 Nf6 27. fxe5
dxe5 28. Bg2 Ng4 29. Qg5 Qb6 30. Rb1 f4 31. gxf4 Qe3+ 32. Kc2 Qxe2+ 33. Kb3
Qc4+ 34. Kc2 Qxc3+ 35. Kd1 Qc2+ 36. Ke1 Qxb1+ 37. Ke2 Rc2+ 0-1

[Event "GBR-ch108 Under 16"]
[Site "Torquay"]
[Date "2022.08.11"]
[Round "5"]
[White "Volovich, Julia"]
[Black "Badacsonyi, Frankie"]
[Result "1/2-1/2"]
[WhiteElo "1625"]
[BlackElo "1732"]
[PlyCount "113"]
[EventDate "2022.08.08"]
[EventType "swiss"]
[EventRounds "7"]
[EventCountry "GBR"]
[SourceTitle "BritBase"]
[Source "John Saunders"]
[SourceDate "2021.06.05"]
[SourceVersion "1"]
[SourceVersionDate "2021.06.05"]
[SourceQuality "1"]

1. d4 Nf6 2. c4 e6 3. Nc3 d5 4. cxd5 exd5 5. Bg5 Be7 6. e3 c6 7. Bd3 O-O 8. h3
Re8 9. Qc2 Nbd7 10. Bf4 Nf8 11. Nf3 Ne6 12. Be5 g6 13. O-O Ng7 14. Rab1 a5 15.
a3 Bf5 16. b4 Bxd3 17. Qxd3 axb4 18. axb4 b5 19. Rfd1 Ne6 20. Bxf6 Bxf6 21. Ne5
Ra6 22. Ra1 Qa8 23. Rxa6 Qxa6 24. Nd7 Be7 25. Nc5 Bxc5 26. dxc5 Rd8 27. Ne2 Qa4
28. Nd4 Nxd4 29. Qxd4 Ra8 30. Re1 Qb3 31. e4 Qc4 32. Rd1 dxe4 33. Qxc4 bxc4 34.
Rc1 f5 35. Rxc4 Ra1+ 36. Kh2 Rb1 37. g4 Rb3 38. Kg2 Kf7 39. Rd4 Ke6 40. gxf5+
gxf5 41. Rd6+ Ke5 42. Rxc6 Rxb4 43. Rc7 h5 44. Rh7 Rc4 45. Rxh5 Kf4 46. Rh4+
Kg5 47. Rh8 Rxc5 48. Re8 Rc3 49. Rg8+ Kf4 50. Rg3 Rxg3+ 51. fxg3+ Ke3 52. h4
Kd2 53. h5 e3 54. h6 e2 55. h7 e1=Q 56. h8=Q Qe2+ 57. Kg1 1/2-1/2

[Event "GBR-ch108 Under 16"]
[Site "Torquay"]
[Date "2022.08.11"]
[Round "6"]
[White "Ali, Shahvez"]
[Black "Tomy, Jeff"]
[Result "1/2-1/2"]
[WhiteElo "1554"]
[BlackElo "1577"]
[PlyCount "84"]
[EventDate "2022.08.08"]
[EventType "swiss"]
[EventRounds "7"]
[EventCountry "GBR"]
[SourceTitle "BritBase"]
[Source "John Saunders"]
[SourceDate "2021.06.05"]
[SourceVersion "1"]
[SourceVersionDate "2021.06.05"]
[SourceQuality "1"]

1. d4 Nf6 2. Nf3 d5 3. c4 e6 4. g3 dxc4 5. Qa4+ Bd7 6. Qxc4 Bc6 7. Bg2 Be7 8.
O-O O-O 9. Nc3 Nbd7 10. b3 Nb6 11. Qd3 Nbd5 12. Bb2 Bb4 13. Rfd1 a6 14. Ne5 Bd7
15. Nxd7 Qxd7 16. e4 Nxc3 17. Bxc3 Bxc3 18. Qxc3 c6 19. Rd3 Rfd8 20. Rad1 Rac8
21. a4 Qc7 22. a5 b6 23. axb6 Qxb6 24. Qc4 h6 25. Ra1 a5 26. Qc3 Ra8 27. Qd2
Qb5 28. Ra4 Qb6 29. d5 cxd5 30. exd5 exd5 31. Bxd5 Nxd5 32. Rxd5 Rxd5 33. Qxd5
Ra7 34. Re4 Kh7 35. h4 Qf6 36. Qd3 g6 37. Rf4 Qe6 38. h5 Rb7 39. hxg6+ fxg6 40.
Rf8 Qxb3 41. Qd4 Rg7 42. Qd8 g5 1/2-1/2